Journal of advanced veterinary research

Gespeichert in:
Bibliographische Detailangaben
Format: Elektronisch Zeitschrift
Sprache:Englisch
Schlagworte:
ISSN:2090-6277, 2090-6269
Online-Zugang: Volltext
Tags: Tag hinzufügen
Keine Tags, Fügen Sie den ersten Tag hinzu!

MARC

LEADER 00000cas a22000002i 4500
001 ebs76545648e
003 EBZ
005 20250909105718.0
006 m d ||||||
007 cr|unu||||||||
008 140728c20119999ua qr p o 0 0eng c
022 |a 2090-6277  |y 2090-6269 
040 |a EBSCO  |b eng   |d CVT  |c CVT  |e AACR2 
080 |a 636.09(05)  |2 2011 
130 0 |a Journal of advanced veterinary research (Online)  |9 61559 
222 1 0 |a Journal of Advanced Veterinary Research (Online) 
245 0 0 |a Journal of advanced veterinary research  |h [electronic resource]. 
310 |a Quarterly 
362 1 |a Began with: Volume 1, issue 1 (2011). 
650 0 |a Veterinary medicine  |v Periodicals.  |9 60983 
650 7 |a Veterinary medicine.  |9 60983 
655 |a časopisy  |9 34804 
655 0 |a Electronic journals.  |9 61012 
655 7 |a Periodicals.  |9 60641 
655 7 |a Periodicals.  |9 60641 
773 0 |t Veterinary Source   |d EBSCO 
776 0 8 |i Print version:  |t Journal of advanced veterinary research  |x 2090-6269 
856 |u http://erproxy.cvtisr.sk/han/cvti-journal-escueladeadministracionymercadotecniadelquindio-issn-2090-6269-eissn-2090-6277  |y Vzdialený prístup pre registrovaných používateľov 
901 |a Academic Journal 
942 |2 udc  |c 40 
999 |c 301777  |d 301777 
974 |b Andrea Lebedova